Statistics for German Youtubers

Click here to take the quiz!

General Stats

  • This quiz has been taken 157 times
  • The average score is 3 of 15

Answer Stats

HintAnswer% Correct
BibisBeautyPalace
69%
Gronkh
66%
Unge
53%
DagiBee
44%
Dner
38%
ApeCrime
23%
Sarazar
17%
ShirinDavid
8%
PaolaMaria
6%
Joyce
4%
MelinaSophie
2%
SamiSlimani
2%
JulienBam
1%
Daaruum
0%
EmaLousie
0%

Score Distribution

Percentile by Number Answered

Percent of People with Each Score

Your Score History

You have not taken this quiz